[Event "Dortmund Sparkassen op-B 47th"]
[Site "Dortmund"]
[Date "2019.07.20"]
[Round "8"]
[White "Chennamangalam, Ashutosh"]
[Black "Wickenfeld, Udo"]
[Result "0-1"]
[WhiteElo "1561"]
[BlackElo "1290"]
[PlyCount "140"]
[EventDate "2019.07.13"]
[EventType "swiss"]
[EventRounds "9"]
[EventCountry "GER"]
[SourceTitle "CBM 192 Extra"]
[Source "Chessbase"]
[SourceDate "2019.11.06"]
[SourceVersion "1"]
[SourceVersionDate "2019.11.06"]
[SourceQuality "1"]

1. e4 c5 2. Nc3 a6 3. g3 e6 4. Bg2 Nc6 5. d3 b5 6. f4 Bb7 7. Nf3 d6 8. 0-0 Nf6 9. h3 Be7 10. g4 h6 11. Ne2 b4 12. Nh2 a5 13. Bd2 Qc7 14. Qe1 0-0-0 15. c3 Qb6 16. Qf2 Qb5 17. d4 d5 18. e5 Ne4 19. Bxe4 dxe4 20. Be3 Rd5 21. b3 Rdd8 22. dxc5 Qa6 23. c4 Qa8 24. Rad1 Kc7 25. Ng3 Bh4 26. g5 Ne7 27. Qg2 Nf5 28. Nxf5 exf5 29. Rd6 Rxd6 30. cxd6+ Kd7 31. Qd2 hxg5 32. fxg5 g6 33. Rc1 Bg3 34. Nf1 Bxe5 35. Bd4 Bxd4+ 36. Qxd4 Rxh3 37. Qb6 Qc8 38. Qxa5 e3 39. Nh2 Rg3+ 40. Kf1 Bg2+ 41. Ke2 Bc6 42. Qe5 Rg2+ 43. Kxe3 Qe8 44. Qxe8+ Kxe8 45. Nf3 Rg3 46. Rf1 Kd7 47. c5 Bxf3 48. Rxf3 Rxg5 49. Rf4 Rg4 50. Rxg4 fxg4 51. Kf4 f5 52. Ke5 g3 53. Kd5 g2 54. c6+ Kd8 55. c7+ Kd7 56. c8Q+ Kxc8 57. Ke6 Kd8 58. d7 g1Q 59. Kf6 Qg4 60. a3 bxa3 61. b4 f4 62. b5 Qf5+ 63. Kg7 Kxd7 64. b6 Kc8 65. b7+ Kxb7 66. Kh6 a2 67. Kh7 a1Q 68. Kg8 Qa2+ 69. Kg7 Qaf7+ 70. Kh6 Qh5# 0-1

[Event "Dortmund Sparkassen op-B 47th"]
[Site "Dortmund"]
[Date "2019.07.17"]
[Round "5"]
[White "Hofmann, Benjamin"]
[Black "Wickenfeld, Udo"]
[Result "1-0"]
[WhiteElo "1493"]
[BlackElo "1290"]
[PlyCount "87"]
[EventDate "2019.07.13"]
[EventType "swiss"]
[EventRounds "9"]
[EventCountry "GER"]
[SourceTitle "CBM 192 Extra"]
[Source "Chessbase"]
[SourceDate "2019.11.06"]
[SourceVersion "1"]
[SourceVersionDate "2019.11.06"]
[SourceQuality "1"]

1. e4 c5 2. Nf3 e6 3. d4 cxd4 4. Nxd4 a6 5. Be2 Qc7 6. Be3 d6 7. Nc3 Nf6 8. 0-0 Be7 9. f4 b5 10. a3 Bb7 11. Bd3 Nbd7 12. Qf3 Nc5 13. Rac1 0-0 14. Bd2 Ncd7 15. Nce2 Nc5 16. Ng3 Ncd7 17. b4 Nb6 18. Qe2 Na4 19. c4 bxc4 20. Bxc4 Qd7 21. f5 e5 22. Ne6 Rfc8 23. Ng5 d5 24. exd5 Bxd5 25. Bxd5 Qxd5 26. N5e4 Nxe4 27. Nxe4 f6 28. Qg4 Qf7 29. Qe2 Nb6 30. Rxc8+ Rxc8 31. Qxa6 Rb8 32. Qa7 Qe8 33. Nc5 Bxc5+ 34. bxc5 Nc4 35. Bb4 Ne3 36. Rf3 Nd5 37. Rg3 Ne7 38. c6 Qd8 39. Qxe7 Qd1+ 40. Kf2 Qd4+ 41. Kf1 Qd1+ 42. Be1 g6 43. fxg6 Qh5 44. gxh7+ 1-0

[Event "Dortmund Sparkassen op-B 44th"]
[Site "Dortmund"]
[Date "2016.07.16"]
[Round "8"]
[White "Von Kampen, Sebastian"]
[Black "Wickenfeld, Udo"]
[Result "1-0"]
[WhiteElo "1587"]
[BlackElo "1367"]
[PlyCount "51"]
[EventDate "2016.07.09"]
[EventType "swiss"]
[EventRounds "9"]
[EventCountry "GER"]
[SourceTitle "CBM 173 Extra"]
[Source "ChessBase"]
[SourceDate "2016.08.29"]
[SourceVersion "1"]
[SourceVersionDate "2016.08.29"]
[SourceQuality "1"]

1. e4 c5 2. Nf3 d6 3. d4 cxd4 4. Qxd4 Nc6 5. Bb5 Bd7 6. Bxc6 Bxc6 7. 0-0 e5 8. Qe3 Nf6 9. Nc3 Be7 10. h3 0-0 11. b3 a6 12. a4 Nh5 13. Rd1 Nf4 14. Nxe5 Ne6 15. Nxc6 bxc6 16. Kh1 Qc7 17. f4 Rad8 18. Bb2 f6 19. h4 d5 20. exd5 Nxf4 21. dxc6 Nh5 22. Nd5 Qg3 23. Nxe7+ Kh8 24. Qxg3 Nxg3+ 25. Kh2 Nh5 26. Rxd8 1-0

[Event "Dortmund Sparkassen op-B 44th"]
[Site "Dortmund"]
[Date "2016.07.11"]
[Round "3"]
[White "Bashylina, Luisa"]
[Black "Wickenfeld, Udo"]
[Result "1-0"]
[WhiteElo "1548"]
[BlackElo "1367"]
[PlyCount "79"]
[EventDate "2016.07.09"]
[EventType "swiss"]
[EventRounds "9"]
[EventCountry "GER"]
[SourceTitle "CBM 173 Extra"]
[Source "ChessBase"]
[SourceDate "2016.08.29"]
[SourceVersion "1"]
[SourceVersionDate "2016.08.29"]
[SourceQuality "1"]

1. e4 c5 2. Nc3 Nc6 3. d3 d6 4. f4 g6 5. Nf3 Nf6 6. g3 Bg7 7. Bg2 a6 8. 0-0 e6 9. h3 0-0 10. g4 b5 11. Kh2 Bb7 12. Rg1 Nd4 13. Nxd4 cxd4 14. Ne2 Nxg4+ 15. hxg4 Qh4+ 16. Bh3 e5 17. Qe1 Qe7 18. f5 g5 19. Ng3 f6 20. Nh5 Bh8 21. Bd2 Rfc8 22. Rc1 Rc6 23. c3 dxc3 24. Bxc3 Rac8 25. Qd1 b4 26. Qb3+ Kf8 27. Qxb4 Qc7 28. d4 Rc4 29. Qa3 exd4 30. Bb4 Rc2+ 31. Rxc2 Qxc2+ 32. Rg2 Qxe4 33. Bxd6+ Ke8 34. Qa4+ Rc6 35. Rd2 Kf7 36. Qb3+ Rc4 37. Qxc4+ Bd5 38. Qc7+ Ke8 39. Qc8+ Kf7 40. Qf8# 1-0

[Event "Ruhrgebiet Verbandsklasse Gruppe 2 1415"]
[Site "Germany"]
[Date "2014.10.19"]
[Round "2.8"]
[White "Rebentisch, Tom"]
[Black "Wickenfeld, Udo"]
[Result "1-0"]
[WhiteElo "1593"]
[BlackElo "1359"]
[PlyCount "53"]
[EventDate "2014.09.21"]
[EventType "team-tourn"]
[EventRounds "9"]
[EventCountry "GER"]
[SourceTitle "EXT 2022"]
[Source "ChessBase"]
[SourceDate "2021.10.06"]
[SourceVersion "1"]
[SourceVersionDate "2021.10.06"]
[SourceQuality "1"]
[WhiteTeam "Horst Emscher II"]
[BlackTeam "Recklinghausen Altstadt"]
[WhiteTeamCountry "GER"]
[BlackTeamCountry "GER"]

1. e4 c5 2. Nf3 e6 3. d4 cxd4 4. Nxd4 a6 5. Nc3 Qc7 6. Be2 Nc6 7. 0-0 b5 8. Nxc6 Qxc6 9. Bf3 Bb7 10. Be3 Qc7 11. Qe2 Bc5 12. Rad1 Ne7 13. Rd2 Bxe3 14. Qxe3 Rd8 15. Qg5 Ng6 16. Rfd1 0-0 17. Rd6 Rfe8 18. Qg3 Qc8 19. h4 Ne7 20. h5 b4 21. Na4 Qxc2 22. Nb6 Bc6 23. Qe5 Kh8 24. R6d2 d6 25. Qa5 Qc5 26. Qxc5 dxc5 27. Rxd8 1-0

[Event "Dortmund Sparkassen op-B"]
[Site "Dortmund"]
[Date "2014.07.12"]
[Round "1"]
[White "Wickenfeld, Udo"]
[Black "Austrup, David"]
[Result "0-1"]
[WhiteElo "1503"]
[BlackElo "1638"]
[PlyCount "112"]
[EventDate "2014.07.12"]
[EventType "swiss"]
[EventRounds "9"]
[EventCountry "GER"]
[SourceTitle "EXT 2022"]
[Source "ChessBase"]
[SourceDate "2021.10.06"]
[SourceVersion "1"]
[SourceVersionDate "2021.10.06"]
[SourceQuality "1"]

1. d4 Nf6 2. c4 g6 3. Nc3 Bg7 4. e4 d6 5. Nf3 0-0 6. Be2 Nbd7 7. 0-0 e5 8. d5 Nc5 9. Qc2 a5 10. a4 Na6 11. Bd2 Nd7 12. Ne1 Nb4 13. Qc1 Nc5 14. Bd1 f5 15. f3 f4 16. Qb1 g5 17. Na2 Nxa2 18. Qxa2 h5 19. Qb1 g4 20. b4 axb4 21. Bxb4 Qh4 22. fxg4 hxg4 23. Bxc5 dxc5 24. Qd3 Rf6 25. g3 Qh5 26. Rf2 Bh6 27. Raa2 Rb6 28. Rab2 Raa6 29. Rxb6 Rxb6 30. Nc2 Bg5 31. Qa3 fxg3 32. hxg3 Rh6 33. Kf1 Qh1+ 34. Ke2 Qxe4+ 35. Ne3 Bxe3 36. Qxe3 Qxc4+ 37. Qd3 Qd4 38. Qxd4 cxd4 39. Bb3 Kg7 40. d6 cxd6 41. Rf7+ Kg6 42. Rc7 Rh2+ 43. Kf1 Rb2 44. Bf7+ Kf6 45. Bd5 Be6 46. Bxb7 Ra2 47. Rc6 Rxa4 48. Rxd6 Ke7 49. Rb6 Ra3 50. Kf2 Rb3 51. Rxb3 Bxb3 52. Be4 Kd6 53. Ke2 Be6 54. Kd2 Bd5 55. Bf5 Bf3 56. Kd3 Kd5 0-1

[Event "Dortmund Sparkassen op-B"]
[Site "Dortmund"]
[Date "2012.07.19"]
[Round "6"]
[White "Schmidtmann, Samantha"]
[Black "Wickenfeld, Udo"]
[Result "0-1"]
[WhiteElo "1145"]
[BlackElo "1307"]
[PlyCount "120"]
[EventDate "2012.07.14"]
[EventType "swiss"]
[EventRounds "9"]
[EventCountry "GER"]
[SourceTitle "EXT 2014"]
[Source "ChessBase"]
[SourceDate "2013.11.20"]
[SourceVersion "1"]
[SourceVersionDate "2013.11.20"]
[SourceQuality "1"]

1. e4 c5 2. c4 Nc6 3. Nc3 e6 4. g3 a6 5. Bg2 Qc7 6. Nge2 Nf6 7. 0-0 Na5 8. d3 Nc6 9. h3 Ne5 10. f4 Nc6 11. Be3 Qb6 12. Qd2 Be7 13. Kh2 0-0 14. g4 Qc7 15. Ng3 b6 16. Rac1 Bb7 17. f5 Rfd8 18. b3 Nd4 19. Bxd4 cxd4 20. Nce2 e5 21. g5 Ne8 22. Rf2 a5 23. Rcf1 Bb4 24. Qc2 b5 25. f6 g6 26. Qb2 bxc4 27. bxc4 Bc5 28. Qc2 a4 29. h4 a3 30. h5 Rdb8 31. Rb1 Bc8 32. Rxb8 Qxb8 33. hxg6 hxg6 34. Rf1 Qb2 35. Qb1 d6 36. Bh3 Bxh3 37. Kxh3 Rb8 38. Qxb2 Rxb2 39. Ra1 Nc7 40. Nc1 Ne6 41. Kg4 Nf4 42. Kf3 Bb4 43. Kg4 Bc3 44. Nb3 Nxd3 45. Rd1 Nf2+ 46. Kf3 Nxd1 47. Nc1 Bd2 48. Nge2 Bxc1 49. Nxc1 Rc2 50. Nd3 Nc3 51. Nb4 Rb2 52. Nd3 Rxa2 53. Nb4 Rd2 54. Kg4 a2 55. Nxa2 Rxa2 56. Kf3 d3 57. Ke3 d2 58. Kf3 d1Q+ 59. Kg3 Nxe4+ 60. Kh3 Qh5# 0-1

[Event "Ruhrgebiet Verbandsliga2 1112"]
[Site "Nordrheinwestfalen"]
[Date "2011.11.13"]
[Round "3.7"]
[White "Wickenfeld, Udo"]
[Black "Vojdani, Bahram"]
[Result "0-1"]
[WhiteElo "1327"]
[BlackElo "1664"]
[PlyCount "102"]
[EventDate "2011.09.18"]
[EventType "team-tourn"]
[EventRounds "9"]
[EventCountry "GER"]
[SourceTitle "EXT 2020"]
[Source "ChessBase"]
[SourceDate "2019.10.17"]
[SourceVersion "1"]
[SourceVersionDate "2019.10.17"]
[SourceQuality "1"]
[WhiteTeam "Recklinghausen Altstadt"]
[BlackTeam "Dortmund Hansa IV"]
[WhiteTeamCountry "GER"]
[BlackTeamCountry "GER"]

1. d4 Nf6 2. c4 e6 3. Nf3 d5 4. cxd5 exd5 5. a3 Bd6 6. Nc3 c6 7. Bg5 h6 8. Bh4 Nbd7 9. e3 0-0 10. Bd3 Re8 11. 0-0 Nb6 12. Ne5 Bxe5 13. dxe5 Rxe5 14. Re1 g5 15. Bg3 Re8 16. Qc2 Nh5 17. Ne2 Qe7 18. h3 c5 19. b3 Nd7 20. Bh2 b6 21. Nc3 Nhf6 22. Nb5 Ne5 23. Be2 Bb7 24. a4 a6 25. Nc3 Nc6 26. Qd2 Rad8 27. Bf3 Ne4 28. Qb2 Nb4 29. Rad1 Nxc3 30. Qxc3 Qe6 31. Bg4 Qg6 32. Re2 f5 33. Bf3 g4 34. hxg4 fxg4 35. Bxd5+ Nxd5 36. Qc4 Qe4 37. Qxe4 Rxe4 38. Red2 Rde8 39. Rxd5 Bxd5 40. Rxd5 R8e7 41. Bf4 Kg7 42. Rd6 R4e6 43. Rd5 Rc6 44. Be5+ Kg6 45. Bc3 g3 46. Bd2 gxf2+ 47. Kxf2 Rf7+ 48. Kg1 c4 49. bxc4 Rxc4 50. Rd6+ Rf6 51. Rd4 Rfc6 0-1

[Event "Dortmund Sparkassen op-B"]
[Site "Dortmund"]
[Date "2011.07.27"]
[Round "5"]
[White "Simeonidis, Marios"]
[Black "Wickenfeld, Udo"]
[Result "0-1"]
[WhiteElo "1446"]
[BlackElo "1472"]
[PlyCount "58"]
[EventDate "2011.07.23"]
[EventType "swiss"]
[EventRounds "9"]
[EventCountry "GER"]
[SourceTitle "EXT 2013"]
[Source "ChessBase"]
[SourceDate "2012.11.22"]
[SourceVersion "1"]
[SourceVersionDate "2012.11.22"]
[SourceQuality "1"]

1. e4 c5 2. Nf3 Nc6 3. d4 cxd4 4. Nxd4 e6 5. Nc3 a6 6. Be3 Qc7 7. Be2 b5 8. a3 Nf6 9. 0-0 Bb7 10. f4 Be7 11. Nf3 Na5 12. e5 Ng4 13. Bd2 Bc5+ 14. Kh1 Nf2+ 15. Rxf2 Bxf2 16. Qf1 Bb6 17. Na2 Nc4 18. Bxc4 bxc4 19. c3 a5 20. Ng5 0-0 21. Re1 Bd5 22. Qe2 h6 23. Ne4 Bxe4 24. Qxe4 Rad8 25. g4 Qc6 26. Qxc6 dxc6 27. Be3 Bxe3 28. Rxe3 Rd1+ 29. Kg2 Ra1 0-1

[Event "Dortmund Sparkassen op-B"]
[Site "Dortmund"]
[Date "2011.07.24"]
[Round "2"]
[White "Wickenfeld, Udo"]
[Black "Schmidt, Martin"]
[Result "0-1"]
[WhiteElo "1472"]
[BlackElo "1734"]
[PlyCount "60"]
[EventDate "2011.07.23"]
[EventType "swiss"]
[EventRounds "9"]
[EventCountry "GER"]
[SourceTitle "EXT 2013"]
[Source "ChessBase"]
[SourceDate "2012.11.22"]
[SourceVersion "1"]
[SourceVersionDate "2012.11.22"]
[SourceQuality "1"]

1. d4 Nf6 2. c4 c5 3. d5 b5 4. b3 g6 5. Bb2 Bg7 6. Qc2 d6 7. Nc3 b4 8. Nb1 Bf5 9. Qc1 e6 10. dxe6 fxe6 11. Nd2 0-0 12. e3 Nbd7 13. Ngf3 d5 14. Ne5 Ne4 15. Nxd7 Bxb2 16. Qxb2 Qxd7 17. Nf3 Nc3 18. a3 Rad8 19. axb4 cxb4 20. Qd2 Be4 21. Ne5 Qd6 22. Qd4 h5 23. Rxa7 Ra8 24. Nd3 Rxa7 25. Qxa7 dxc4 26. Nb2 Ra8 27. Qxa8+ Bxa8 28. Bxc4 Bxg2 29. Rg1 Qxh2 30. Bxe6+ Kg7 0-1

[Event "Dortmund op-B"]
[Site "Dortmund"]
[Date "2009.07.08"]
[Round "5"]
[White "Gennat, Egon Leopold"]
[Black "Wickenfeld, Udo"]
[Result "0-1"]
[WhiteElo "1431"]
[BlackElo "1131"]
[PlyCount "106"]
[EventDate "2009.07.04"]
[EventType "swiss"]
[EventRounds "9"]
[EventCountry "GER"]
[SourceTitle "EXT 2012"]
[Source "ChessBase"]
[SourceDate "2011.11.24"]
[SourceVersion "1"]
[SourceVersionDate "2011.11.24"]
[SourceQuality "1"]

1. d4 Nf6 2. Nf3 g6 3. g3 Bg7 4. Bg2 d6 5. 0-0 0-0 6. Re1 Nfd7 7. e4 e6 8. c4 Nc6 9. Be3 e5 10. d5 Ne7 11. Qd2 f5 12. Bh6 Nf6 13. Bxg7 Kxg7 14. exf5 Bxf5 15. Nc3 a6 16. Nh4 Bc8 17. Ne4 Nxe4 18. Rxe4 Ng8 19. Nf3 Nf6 20. Re3 Ng4 21. Re2 Bd7 22. h3 Nh6 23. Rf1 Qc8 24. Kh2 Nf7 25. Re4 Kh8 26. Rh4 h5 27. Ng5 Qe8 28. Be4 Kg7 29. g4 Rh8 30. f3 Qe7 31. f4 hxg4 32. Ne6+ Bxe6 33. Rxh8 Rxh8 34. dxe6 Rxh3+ 35. Kg2 Qxe6 36. Bd5 Qe7 37. Bxf7 Qh4 38. Rf2 Rh2+ 39. Kf1 Rh1+ 40. Ke2 Kxf7 41. fxe5+ Kg7 42. Qd5 Rh2 43. Qf7+ Kh6 44. e6 g3 45. Qf8+ Kh5 46. Qh8+ Kg4 47. Qxh4+ Kxh4 48. Rxh2+ gxh2 49. e7 h1Q 50. e8Q Qh2+ 51. Kd3 Qg3+ 52. Kd2 Qf4+ 53. Kc3 Qe5+ 0-1

[Event "Dortmund op-B"]
[Site "Dortmund"]
[Date "2007.07.01"]
[Round "9"]
[White "Gollnick, Rainer"]
[Black "Wickenfeld, Udo"]
[Result "1-0"]
[WhiteElo "1452"]
[BlackElo "1244"]
[PlyCount "93"]
[EventDate "2007.06.22"]
[EventType "swiss"]
[EventRounds "9"]
[EventCountry "GER"]
[SourceTitle "EXT 2008"]
[Source "ChessBase"]
[SourceDate "2007.11.25"]
[SourceVersion "1"]
[SourceVersionDate "2007.11.25"]
[SourceQuality "1"]

1. e4 e5 2. Nf3 Nc6 3. d4 exd4 4. Bc4 Be7 5. c3 dxc3 6. Nxc3 d6 7. Bf4 a6 8. 0-0 Nf6 9. Qe2 0-0 10. Rad1 Re8 11. Ng5 Rf8 12. e5 Ng4 13. Nge4 Ncxe5 14. Bxe5 Nxe5 15. Bb3 Qd7 16. Nd5 Kh8 17. h3 f5 18. Ng3 b5 19. f4 Ng6 20. Qc2 Bd8 21. Rfe1 c6 22. Nb4 Bb6+ 23. Kh2 Bb7 24. Be6 Qc7 25. Nxf5 Bc8 26. g3 Bxe6 27. Rxe6 Bc5 28. a3 a5 29. Na2 Qd7 30. Rde1 Rf7 31. b4 Bb6 32. Nxd6 Rf6 33. Re8+ Rf8 34. Rxa8 Rxa8 35. Rd1 Rf8 36. Nc3 a4 37. Nce4 Bc7 38. Nxb5 Qf5 39. Nxc7 Nxf4 40. g4 Qe5 41. Qc5 Qb2+ 42. Rd2 Qxd2+ 43. Nxd2 Ng6 44. Ne4 h6 45. Qxc6 Ne5 46. Qd6 Nf3+ 47. Kg3 1-0

[Event "Dortmund op-B"]
[Site "Dortmund"]
[Date "2007.06.28"]
[Round "6"]
[White "Wickenfeld, Udo"]
[Black "Xu, Dehn"]
[Result "1-0"]
[WhiteElo "1244"]
[BlackElo "749"]
[PlyCount "47"]
[EventDate "2007.06.22"]
[EventType "swiss"]
[EventRounds "9"]
[EventCountry "GER"]
[SourceTitle "EXT 2008"]
[Source "ChessBase"]
[SourceDate "2007.11.25"]
[SourceVersion "1"]
[SourceVersionDate "2007.11.25"]
[SourceQuality "1"]

1. d4 Nf6 2. c4 e5 3. dxe5 Ng4 4. Nf3 Nc6 5. Bf4 Qe7 6. h3 Ngxe5 7. Nxe5 Nxe5 8. Qd4 d6 9. c5 Nc6 10. Qc3 dxc5 11. e3 a6 12. Be2 Qd7 13. Nd2 f6 14. 0-0 Be7 15. Rad1 Bd6 16. Ne4 Ne5 17. Bh5+ g6 18. Nxf6+ Ke7 19. Nxd7 Bxd7 20. Be2 Rhf8 21. Bxe5 Bxe5 22. Qxe5+ Kd8 23. Qg7 Re8 24. Qxd7# 1-0

[Event "Dortmund op-B"]
[Site "Dortmund"]
[Date "2007.06.24"]
[Round "3"]
[White "Grasse, Herbert"]
[Black "Wickenfeld, Udo"]
[Result "1-0"]
[WhiteElo "1719"]
[BlackElo "1244"]
[PlyCount "97"]
[EventDate "2007.06.22"]
[EventType "swiss"]
[EventRounds "9"]
[EventCountry "GER"]
[SourceTitle "EXT 2008"]
[Source "ChessBase"]
[SourceDate "2007.11.25"]
[SourceVersion "1"]
[SourceVersionDate "2007.11.25"]
[SourceQuality "1"]

1. Nf3 c5 2. g3 g6 3. Bg2 Bg7 4. 0-0 d6 5. d3 Nf6 6. h3 Nbd7 7. e4 e6 8. Re1 e5 9. Nbd2 b5 10. Nf1 a6 11. Ne3 Bb7 12. Nh2 h5 13. f4 Rb8 14. f5 gxf5 15. Nxf5 Bf8 16. Bg5 Qb6 17. Kh1 b4 18. Nf3 a5 19. Nd2 Ba6 20. Ne3 Be7 21. Rf1 a4 22. Qf3 Qd8 23. Nd5 Rf8 24. Bxf6 Nxf6 25. Nxf6+ Bxf6 26. Qxf6 Qxf6 27. Rxf6 Ke7 28. Raf1 b3 29. axb3 axb3 30. Nxb3 Rbc8 31. R6f5 c4 32. Nc1 cxd3 33. cxd3 Rc2 34. R5f2 Rc7 35. Bf3 Rfc8 36. Ne2 Bxd3 37. Kg1 Rh8 38. Rd1 Bb5 39. Nc3 Bc6 40. Be2 Rcc8 41. Nd5+ Bxd5 42. Rxd5 f6 43. b4 Rcg8 44. Kh2 h4 45. g4 Rc8 46. Ra5 Rc1 47. Ra7+ Ke6 48. g5 fxg5 49. Bg4# 1-0